Compromiso de Madrid: I
Gespeichert in:
| Format: | Text |
|---|---|
| Schlagworte: | |
| Tags: |
Tag hinzufügen
Keine Tags, Fügen Sie den ersten Tag hinzu!
|
MARC
| LEADER | 00000 a a2200000 04500 | ||
|---|---|---|---|
| 001 | 6473 | ||
| 003 | |||
| 040 | |||
| 245 | |a Compromiso de Madrid: |b I | ||
| 500 | |a Firmado por los Jefes de Estado y de Gobierno de la Unión Europea y el Caribe, en Madrid, 17 de mayo de 2002 | ||
| 650 | |a ACUERDOS INTERNACIONALES | ||
| 650 | |a POLITICA EXTERIOR | ||
| 650 | |a DERECHOS HUMANOS | ||
| 650 | |a COOPERACION INTERNACIONAL | ||
| 650 | |a INTEGRACION ECONOMICA | ||
| 773 | |g volumen 22, número 1001; páginas 15-16 | ||
| 999 | |c 27550 |d 27550 | ||
